More New Age bender villages likely in wake of Prescott ruling. (Record no. 65317)
[ view plain ]
| 000 -LEADER | |
|---|---|
| fixed length control field | 00953cam a2200217 4500 |
| 001 - CONTROL NUMBER | |
| control field | WB3646-15 |
| 008 - FIXED-LENGTH DATA ELEMENTS--GENERAL INFORMATION | |
| fixed length control field | 000000n2000 000 0 eng u |
| 035 ## - SYSTEM CONTROL NUMBER | |
| System control number | (Sirsi) u109423 |
| 245 ## - TITLE STATEMENT | |
| Title | More New Age bender villages likely in wake of Prescott ruling. |
| 260 ## - PUBLICATION, DISTRIBUTION, ETC. | |
| Date of publication, distribution, etc. | 2000 |
| 490 ## - SERIES STATEMENT | |
| Series statement | Independent on Sunday |
| Volume/sequential designation | 19 November 2000, 10(1) |
| 520 ## - SUMMARY, ETC. | |
| Summary, etc. | John Prescott's ruling that refusing planning permission for sixteen wood-framed shelters at a New Age settlement in Somerset, considered an eyesore by local residents, and evicting the inhabitants would breach their human rights paves the way for other alternative lifestyle groups who want to set up camps. |
| 590 ## - LOCAL NOTE (RLIN) | |
| Local note | WB |
| 650 ## - SUBJECT ADDED ENTRY--TOPICAL TERM | |
| Topical term or geographic name entry element | NEW AGE SETTLEMENTS |
| 650 ## - SUBJECT ADDED ENTRY--TOPICAL TERM | |
| Topical term or geographic name entry element | HUMAN RIGHTS ACT 1998 |
| 650 ## - SUBJECT ADDED ENTRY--TOPICAL TERM | |
| Topical term or geographic name entry element | PLANNING PERMISSION |
| 650 ## - SUBJECT ADDED ENTRY--TOPICAL TERM | |
| Topical term or geographic name entry element | PLANNING CONTROL |
| 650 ## - SUBJECT ADDED ENTRY--TOPICAL TERM | |
| Topical term or geographic name entry element | ALTERNATIVE LIFESTYLE GROUPS |
| 690 ## - LOCAL SUBJECT ADDED ENTRY--TOPICAL TERM (OCLC, RLIN) | |
| Topical term or geographic name as entry element | ENVIRONMENTAL AND LAND CONSULTANCY-PLANNING AND DEVELOPMENT |
| 942 ## - ADDED ENTRY ELEMENTS (KOHA) | |
| Suppress in OPAC | 0 |
| Withdrawn status | Lost status | Source of classification or shelving scheme | Damaged status | Not for loan | Home library | Current library | Shelving location | Date acquired | Total Checkouts | Full call number | Barcode | Date last seen | Copy number | Price effective from | Koha item type |
|---|---|---|---|---|---|---|---|---|---|---|---|---|---|---|---|
| Dewey Decimal Classification | London | London | News article | 21/11/2000 | WB3646-15 | 109423-1001 | 06/08/2019 | 1 | 06/08/2019 | News article |